00527cam a22002057a 4500003000500000005001700005008004100022010001000063011001000073035001000083040000900093082001500102100002300117245003900140250001000179260003000189300002000219650005400239650002800293CHAP20220329134610.0971013s1942 r 00010 d a22817 a23789 a27886 cCHAP a591.1bD8400aDukes, Henry Hugh.14aThe physiology of domestic animals a5 ed. aIthaca :bComstock,c1942 a721 p.b: ilus.14aAnimales domésticosxAnatomía y fisiología.14aFisiología comparada.